ბათუმის შოთა რუსთაველის სახელმწიფო უნივერსიტეტის ბიბლიოთეკა

თბოაირმომარაგებისა და ვენტილაციის ეკონომიკა : (ბიბ.ჩანაწერი № 39059)

000 -ლიდერი
ფიქსირებული სიგრძის საკონტროლო ველი 01129nam a2200229Ia 4500
001 - საკონტროლო ნომერი
საკონტროლო ველი 5600
003 - საკონტროლო ნომრის იდენტიფიკატორი
საკონტროლო ველი GE_BSU
005 - ბოლო ოპერაციის თარიღი და დრო
საკონტროლო ველი 20190528162503.0
008 - ფიქსირებული სიგრძის მონაცემთა ელემენტები - ზოგადი ინფორმაცია
ფიქსირებული სიგრძის საკონტროლო ველი 181216s1985||||ge |||||||||||||| ||geo||
040 ## - კატალოგიზაციის წყარო
Transcribing agency GE_BSU
041 ## - ენის კოდი
Language code of text/sound track or separate title geo
080 ## - უნივერსალური ათობითი კლასიფიკაციის ინდექსი
Universal Decimal Classification number 697.1/8(075) ბ-79
100 ## - მთავარი ჩანაწერი - პიროვნების სახელი
Personal name ბოგუსლავსკი, ლ.
9 (RLIN) 1739
245 ## - ცნობა სათაურის შესახებ
Title თბოაირმომარაგებისა და ვენტილაციის ეკონომიკა :
Remainder of title სახელმძღვ. /
Statement of responsibility, etc ლ. ბოგუსლავსკი ; მთარგმნ. რ.ხუნწარია ; რედ. ი.გოგუაძე.
264 ## - წარმოების, გამოცემის, დისტრიბუციის და სხვა ცნობები
გამოცემის, წარმოების, დისტრიბუციის... ადგილი თბილისი :
გამოცემის, წარმოების, დისტრიბუციის... სახელწოდება განათლება,
გამოცემის, წარმოების, დისტრიბუციის... თარიღი 1985.
300 ## - ფიზიკური აღწერა
Extent 342 გვ.;
Dimensions 22 სმ.
504 ## - BIBLIOGRAPHY, ETC. NOTE
Bibliography, etc ბიბლიოგრ. : გვ.338.
653 ## - INDEX TERM--UNCONTROLLED
Uncontrolled term თბოაირმომარაგებისა და ვენტილაციის ეკონომიკა.
700 ## - ADDED ENTRY--PERSONAL NAME
Personal name ხუნწარია, რ.
Relator term მთარგმნელი
9 (RLIN) 1740
700 ## - ADDED ENTRY--PERSONAL NAME
Personal name გოგუაძე, ი.
Relator term რედაქტორი
9 (RLIN) 1741
942 ## - ADDED ENTRY ELEMENTS (KOHA)
Koha item type წიგნი
Source of classification or shelving scheme
ეგზემპლარები
ჩამოწერის სტატუსი დაკარგული ეგზემპლარის სტატუსი კლასიფიკაციის წყარო ან თაროზე გაწყობის სქემა დაზიანების სტატუსი არ გაიცემა მუდმივი მდებარეობა (დაცვის ადგილი) ამჟამინდელი ადგილსამყოფელი თაროზე განთავსების ადგილი შეძენის თარიღი ღირებულება, შესყიდვის ნორმალური ფასი სრული შენახვის შიფრი შტრიხკოდი ბოლო ოპერაციის თარიღი ეგზემპლარის მიმდევრობითი ნომერი (კეტერი?) ფასის ძალაში შესვლის თარიღი ეგზემპლარის სახეობა საჯარო შენიშვნა
          ტექნოლოგიური ფაკულტეტის ბიბლიოთეკა ტექნოლოგიური ფაკულტეტის ბიბლიოთეკა წიგნის კალათა 2018-12-17 1.70 697.1/8(075) ბ-79 11989 2018-12-17 11989 2018-12-17 წიგნი 1.70 ლ.
          ტექნოლოგიური ფაკულტეტის ბიბლიოთეკა ტექნოლოგიური ფაკულტეტის ბიბლიოთეკა წიგნსაცავი 2018-12-17 1.70 697.1/8(075) ბ-79 11987 2018-12-17 11987 2018-12-17 წიგნი 1.70 ლ.
          ტექნოლოგიური ფაკულტეტის ბიბლიოთეკა ტექნოლოგიური ფაკულტეტის ბიბლიოთეკა წიგნსაცავი 2018-12-17 1.70 697.1/8(075) ბ-79 11988 2018-12-17 11988 2018-12-17 წიგნი 1.70 ლ.